|
|
|
|
| LEADER |
00000cam a2200000 c 4500 |
| 001 |
1126875112 |
| 003 |
DE-627 |
| 005 |
20260206204859.0 |
| 007 |
tu |
| 008 |
970127s1972 xx ||||| m 00| ||eng c |
| 035 |
|
|
|a (DE-627)1126875112
|
| 035 |
|
|
|a (DE-603)074305662
|
| 035 |
|
|
|a (DE-576)056875118
|
| 035 |
|
|
|a (DE-599)BSZ056875118
|
| 035 |
|
|
|a (OCoLC)00314642
|
| 035 |
|
|
|a (DE-604)805093368x
|
| 040 |
|
|
|a DE-627
|b ger
|c DE-627
|e rakwb
|
| 041 |
|
|
|a eng
|
| 082 |
0 |
|
|a 345/.33/0262
|
| 082 |
0 |
|
|a 345.330262
|q LoC
|2 DDCoclc
|
| 084 |
|
|
|a 1
|2 ssgn
|
| 084 |
|
|
|a PV 255
|2 rvk
|0 (DE-625)rvk/140781:
|
| 084 |
|
|
|a BD 3950
|2 rvk
|0 (DE-625)rvk/9981:
|
| 100 |
1 |
|
|a Jackson, Bernard S.
|d 1944-
|0 (DE-588)136136575
|0 (DE-627)577185799
|0 (DE-576)161552943
|4 aut
|
| 109 |
|
|
|a Jackson, Bernard S. 1944-
|a Jackson, B. S. 1944-
|a Jackson, Bernard Stuart 1944-
|a Jackson, Bernard 1944-
|
| 245 |
1 |
0 |
|a Theft in early Jewish law
|c by Bernard S. Jackson
|
| 264 |
|
1 |
|a Oxford
|b Clarendon Press
|c 1972
|
| 300 |
|
|
|a XVIII, 316 S.
|
| 336 |
|
|
|a Text
|b txt
|2 rdacontent
|
| 337 |
|
|
|a ohne Hilfsmittel zu benutzen
|b n
|2 rdamedia
|
| 338 |
|
|
|a Band
|b nc
|2 rdacarrier
|
| 502 |
|
|
|a Teilw. zugl.: Oxford, Univ., Diss., 1969
|
| 583 |
1 |
|
|a Archivierung/Langzeitarchivierung gewährleistet
|f SSG
|x XA-DE-BW
|2 pdager
|5 DE-21
|
| 650 |
0 |
7 |
|0 (DE-588)4333033-2
|0 (DE-627)148055281
|0 (DE-576)211337137
|a Jüdisches Recht
|2 gnd
|
| 650 |
0 |
7 |
|0 (DE-588)4133306-8
|0 (DE-627)105681148
|0 (DE-576)209642823
|a Diebstahl
|2 gnd
|
| 650 |
0 |
7 |
|0 (DE-588)4048529-8
|0 (DE-627)106190326
|0 (DE-576)209078324
|a Raub
|2 gnd
|
| 655 |
|
7 |
|a Hochschulschrift
|0 (DE-588)4113937-9
|0 (DE-627)105825778
|0 (DE-576)209480580
|2 gnd-content
|
| 689 |
0 |
0 |
|d s
|0 (DE-588)4133306-8
|0 (DE-627)105681148
|0 (DE-576)209642823
|a Diebstahl
|2 gnd
|
| 689 |
0 |
1 |
|d s
|0 (DE-588)4333033-2
|0 (DE-627)148055281
|0 (DE-576)211337137
|a Jüdisches Recht
|2 gnd
|
| 689 |
0 |
|
|5 (DE-627)
|
| 751 |
|
|
|a Oxford
|0 (DE-588)4044234-2
|0 (DE-627)106206451
|0 (DE-576)209059834
|4 uvp
|
| 935 |
|
|
|a mteo
|a mkri
|
| 935 |
|
|
|h HEB
|i 0501
|
| 935 |
|
|
|h HEB
|i 0503
|
| 936 |
r |
v |
|a PV 255
|b Einzeldarstellungen
|k Rechtswissenschaft
|k Antikes und römisches Recht, Mediävistik, Privatrechtsgeschichte der Neuzeit (Gemeines Recht, Pandektistik)
|k Antikes Recht (einschl. Jüdisches Recht)
|k Einzeldarstellungen
|0 (DE-627)1271451859
|0 (DE-625)rvk/140781:
|0 (DE-576)201451859
|
| 936 |
r |
v |
|a BD 3950
|b Talmudisch-rabbinische Rechtsgeschichte
|k Theologie und Religionswissenschaften
|k Judaistik
|k Religions- und Kulturgeschichte der Juden
|k Talmudisch-Rabbinisches Judentum (ca. 70-600)
|k Religions- und Geistesgeschichte
|k Talmudisch-rabbinische Rechtsgeschichte
|0 (DE-627)1270715798
|0 (DE-625)rvk/9981:
|0 (DE-576)200715798
|
| 936 |
s |
n |
|a p100
|2 mzub
|
| 936 |
s |
n |
|a b100
|2 mzub
|
| 951 |
|
|
|a BO
|
| ELC |
|
|
|b 1
|
| LOK |
|
|
|0 000 xxxxxcx a22 zn 4500
|
| LOK |
|
|
|0 001 2297921381
|
| LOK |
|
|
|0 003 DE-627
|
| LOK |
|
|
|0 004 1126875112
|
| LOK |
|
|
|0 005 20010918000000
|
| LOK |
|
|
|0 008 980828||||||||||||||||ger|||||||
|
| LOK |
|
|
|0 040
|a DE-21
|c DE-627
|d DE-21
|
| LOK |
|
|
|0 852
|a DE-21
|
| LOK |
|
|
|0 852 1
|c 12 A 1969
|9 00
|
| LOK |
|
|
|0 935
|a kram
|a konv
|
| LOK |
|
|
|0 939
|a 28-08-98
|b l01
|
| LOK |
|
|
|0 000 xxxxxcx a22 zn 4500
|
| LOK |
|
|
|0 001 229792139X
|
| LOK |
|
|
|0 003 DE-627
|
| LOK |
|
|
|0 004 1126875112
|
| LOK |
|
|
|0 005 20060526101707
|
| LOK |
|
|
|0 008 970127||||||||||||||||ger|||||||
|
| LOK |
|
|
|0 040
|a DE-21-31
|c DE-627
|d DE-21-31
|
| LOK |
|
|
|0 541
|e 37404
|
| LOK |
|
|
|0 852
|a DE-21-31
|
| LOK |
|
|
|0 852 1
|c Rc V 42
|m p
|9 00
|
| LOK |
|
|
|0 866
|x 1. Exemplar
|
| LOK |
|
|
|0 935
|a kneu
|
| LOK |
|
|
|0 938
|k p
|
| LOK |
|
|
|0 939
|a 27-01-97
|b l01
|
| LOK |
|
|
|0 000 xxxxxcx a22 zn 4500
|
| LOK |
|
|
|0 001 2509145479
|
| LOK |
|
|
|0 003 DE-627
|
| LOK |
|
|
|0 004 1126875112
|
| LOK |
|
|
|0 005 20060526101802
|
| LOK |
|
|
|0 008 060526||||||||||||||||ger|||||||
|
| LOK |
|
|
|0 040
|a DE-21-31
|c DE-627
|d DE-21-31
|
| LOK |
|
|
|0 541
|e 223/72 (IJ)
|
| LOK |
|
|
|0 852
|a DE-21-31
|
| LOK |
|
|
|0 852 1
|c Rc V 42
|m p
|9 00
|
| LOK |
|
|
|0 852 2
|b Magazin
|9 00
|
| LOK |
|
|
|0 866
|x 2. Exemplar
|
| LOK |
|
|
|0 935
|a kneu
|
| LOK |
|
|
|0 938
|k p
|
| LOK |
|
|
|0 939
|a 26-05-06
|b l02
|
| LOK |
|
|
|0 000 xxxxxcx a22 zn 4500
|
| LOK |
|
|
|0 001 2297921306
|
| LOK |
|
|
|0 003 DE-627
|
| LOK |
|
|
|0 004 1126875112
|
| LOK |
|
|
|0 005 20051010000000
|
| LOK |
|
|
|0 008 051010||||||||||||||||ger|||||||
|
| LOK |
|
|
|0 040
|a DE-Frei85
|c DE-627
|d DE-Frei85
|
| LOK |
|
|
|0 852
|a DE-Frei85
|
| LOK |
|
|
|0 852 1
|m p
|9 00
|
| LOK |
|
|
|0 938
|k p
|
| LOK |
|
|
|0 939
|a 10-10-05
|b l01
|
| ORI |
|
|
|a SA-MARC-krimdoka001.raw
|
| SIG |
|
|
|a UB: 12 A 1969
|